| 000 | 00465nam a2200193 i 4500 | ||
|---|---|---|---|
| 001 | bg | ||
| 100 | 1 | _aLWOWICZ, M. I. | |
| 245 | 0 |
_aZasoby wodne świata / _cM.I. Lwowicz. |
|
| 260 |
_aWarszawa : _bPWN, _c1979. |
||
| 650 | 9 | _aWody powierzchniowe | |
| 650 | 9 | _aWody podziemne | |
| 650 | 9 | _aWody śródlądowe | |
| 650 | 9 | _aHydrologia | |
| 040 | _cBPK | ||
| 041 | _apol | ||
| 080 | _a91:556](100) | ||
| 942 | _cKS | ||
| 008 | s pl f |000 0 pol | ||
| 999 |
_c18993 _d18993 |
||
| 856 |
_uhttp://koha.tu.koszalin.pl/cgi-bin/koha/opac-detail.pl?biblionumber=18993 _yKatalog online BPK |
||